Loading...
| Current Events | 1 | 10.00 | 100% | 0% | 0% |
| Fine Arts - Classical Music | 4 | 20.00 | 100% | 50% | 50% |
| Fine Arts - Other | 5 | 10.00 | 80% | 0% | 20% |
| Fine Arts - Painting and Sculpture | 7 | 11.43 | 86% | 29% | 0% |
| Geography | 1 | 10.00 | 100% | 0% | 0% |
| History - American | 7 | 12.86 | 86% | 29% | 14% |
| History - European | 5 | 14.00 | 100% | 20% | 20% |
| History - Other | 5 | 16.00 | 80% | 20% | 60% |
| History - World | 3 | 16.67 | 100% | 33% | 33% |
| Literature - American | 5 | 14.00 | 80% | 60% | 0% |
| Literature - British | 4 | 12.50 | 100% | 25% | 0% |
| Literature - European | 6 | 16.67 | 100% | 67% | 0% |
| Literature - World | 5 | 20.00 | 100% | 80% | 20% |
| Mythology | 4 | 12.50 | 100% | 25% | 0% |
| Other Academic | 2 | 10.00 | 100% | 0% | 0% |
| Philosophy | 4 | 15.00 | 100% | 50% | 0% |
| Pop Culture | 1 | 10.00 | 100% | 0% | 0% |
| Religion | 4 | 12.50 | 75% | 50% | 0% |
| Science - Biology | 3 | 3.33 | 33% | 0% | 0% |
| Science - Chemistry | 5 | 6.00 | 60% | 0% | 0% |
| Science - Other | 4 | 10.00 | 100% | 0% | 0% |
| Science - Physics | 4 | 7.50 | 50% | 25% | 0% |
| Social Science | 6 | 11.67 | 100% | 17% | 0% |